000 00473nam a2200193Ia 4500
005 20240823035326.0
008 240823s9999||||xx |||||||||||||| ||und||
020 _a81-7154-880-6
041 _aENGLISH
082 _A861.6 P1
100 _aJayant R Joshi
245 0 _aRoots and Wings Ideas and Insights of Sane Guruji
250 _a1st
260 _c2001
_b"Popular Prakashan,Bombay"
500 _aYES
650 _aNovel
_bEnglish
942 _cBK
999 _c200415
_d200415